000 00185nam a2200073Ia 4500
008 170817s9999 xx 000 0 und d
100 _aVENKATAH S.
245 0 _aBASIC CONCEPTS OF PARENT EDUCATION
260 _bANMOL PUB.
999 _c37908
_d37908